[Event "FRA-chT3 0405"]
[Site "France"]
[Date "2005.01.09"]
[Round "4.3"]
[White "Barouillet, Franck"]
[Black "Huguet, Francois"]
[Result "0-1"]
[WhiteElo "1820"]
[BlackElo "2050"]
[PlyCount "72"]
[EventDate "2004.10.10"]
[EventType "team"]
[EventRounds "9"]
[EventCountry "FRA"]
[SourceTitle "EXT 2007"]
[Source "ChessBase"]
[SourceDate "2006.11.23"]
[SourceVersion "1"]
[SourceVersionDate "2006.11.23"]
[SourceQuality "1"]

1. d4 c5 2. d5 e5 3. dxe6 fxe6 4. e4 Nc6 5. Nf3 d5 6. e5 Nge7 7. h4 Bd7 8. h5 Qc7 9. Bf4 h6 10. Qd2 0-0-0 11. Nc3 a6 12. a4 Nb4 13. Rh3 Bc6 14. Nb5 axb5 15. axb5 Be8 16. c3 Nbc6 17. bxc6 Nxc6 18. Bb5 Qb6 19. Qe2 Kb8 20. Bxc6 Bxc6 21. Nd2 Bb5 22. Qg4 Ba6 23. b3 Qb5 24. c4 Qc6 25. Rd3 Rd7 26. Qg6 Kc7 27. Rd1 d4 28. Ne4 b5 29. Ra1 bxc4 30. bxc4 Bxc4 31. Rda3 Be7 32. Qxg7 Qxe4+ 33. Kd1 Rb8 34. Ra7+ Rb7 35. Qg8 Bb3+ 36. Kd2 Qxf4+ 0-1

[Event "FRA-chT3 01"]
[Site "France"]
[Date "2001.04.01"]
[Round "9"]
[White "Barouillet, Franck"]
[Black "Floc'h, Sebastien"]
[Result "1-0"]
[WhiteElo "1820"]
[BlackElo "1920"]
[PlyCount "55"]
[EventDate "2001.??.??"]
[EventType "team"]
[EventRounds "9"]
[EventCountry "FRA"]
[SourceTitle "EXT 2002"]
[Source "ChessBase"]
[SourceDate "2001.11.25"]
[SourceVersion "1"]
[SourceVersionDate "2001.11.25"]
[SourceQuality "1"]
[WhiteTeam "Brest"]
[BlackTeam "Suce sur Erdre"]
[WhiteTeamCountry "FRA"]
[BlackTeamCountry "FRA"]

1. d4 Nf6 2. c4 g6 3. Nc3 d5 4. cxd5 Nxd5 5. e4 Nxc3 6. bxc3 Bg7 7. Bc4 0-0 8. Be3 c5 9. Ne2 Nc6 10. 0-0 Na5 11. Bd3 c4 12. Bc2 b5 13. Rb1 Bd7 14. f4 Rb8 15. f5 Nc6 16. a3 a5 17. Qe1 b4 18. axb4 axb4 19. cxb4 Qb6 20. Ba4 Rfd8 21. Qf2 Nxb4 22. Bxd7 Rxd7 23. Bd2 Qa5 24. fxg6 f6 25. gxh7+ Kxh7 26. Bxb4 Qc7 27. Qf5+ Kg8 28. Qe6+ 1-0

[Event "FRA-chT3 01"]
[Site "France"]
[Date "2000.11.18"]
[Round "2"]
[White "Barouillet, Franck"]
[Black "Le Corre, Patrick"]
[Result "0-1"]
[WhiteElo "1780"]
[BlackElo "1980"]
[PlyCount "84"]
[EventDate "2001.??.??"]
[EventType "team"]
[EventRounds "9"]
[EventCountry "FRA"]
[SourceTitle "EXT 2002"]
[Source "ChessBase"]
[SourceDate "2001.11.25"]
[SourceVersion "1"]
[SourceVersionDate "2001.11.25"]
[SourceQuality "1"]
[WhiteTeam "Brest"]
[BlackTeam "Rennes"]
[WhiteTeamCountry "FRA"]
[BlackTeamCountry "FRA"]

1. d4 Nf6 2. c4 g6 3. Nc3 d5 4. cxd5 Nxd5 5. e4 Nxc3 6. bxc3 Bg7 7. Bc4 0-0 8. Ne2 c5 9. Be3 Nc6 10. 0-0 Bg4 11. f3 Na5 12. Bd3 cxd4 13. cxd4 Be6 14. Qa4 Nc6 15. Bb5 Bd7 16. Rac1 Nxd4 17. Bxd4 Bxb5 18. Qxb5 Bxd4+ 19. Nxd4 Qxd4+ 20. Kh1 Rac8 21. Rxc8 Rxc8 22. Qxb7 Rc2 23. a4 Qc5 24. Qd7 Qf2 25. Rg1 e6 26. Qd8+ Kg7 27. e5 Rd2 28. Qf6+ Kg8 29. Qe7 Qd4 30. Qe8+ Kg7 31. Qb5 Rd1 32. Rf1 Rxf1+ 33. Qxf1 Qxa4 34. g3 a5 35. Qc1 Qd4 36. Qg5 Qd1+ 37. Kg2 Qe2+ 38. Kg1 Qxf3 39. Qd2 a4 40. Qa2 a3 41. Qa1 Qb3 42. Qf1 Qe3+ 0-1